| Поле | Инд. | ПП | Название | Значение |
|---|---|---|---|---|
| Тип записи | a | |||
| Библиографический уровень | a | |||
| 001 | Контрольный номер | 3d5a3139b39940aca998e1ffda26f74e | ||
| 005 | Дата корректировки | 20160711093517.6 | ||
| 020 | a | ISBN | 978-5-906429-11-7 | |
| 040 | a | Служба первич. каталог. | НБ ТвГУ | |
| b | Код языка каталог. | rus | ||
| e | Правила каталог. | PSBO | ||
| 041 | 0_ | a | Код языка текста | rus |
| 097 | b | Оператор | stanislav | |
| 100 | 1_ | a | Автор | Шайхуллин Геннадий Сахиуллович |
| q | Полное имя | Шайхуллин Г. С. | ||
| 245 | 10 | a | Заглавие | Проблемы и перспективы реализации проекта "Российская общественная инициатива" |
| 260 | a | Место издания | Ростов-на-Дону | |
| b | Издательство | Печатная лавка | ||
| 504 | a | Библиография | Библиогр. в подстроч. примеч. | |
| 520 | 0_ | a | Аннотация | Статья подводит итоги работы интернет-сайта "Российская общественная инициатива". Авторы анализируют порядок и механизм функционирования ресурса, статистические данные о его работе, содержание и историю принятия успешных инициатив. Особое внимание уделяется сравнению с аналогичным сайтом в США (We the People). |
| 653 | 0_ | a | Ключевые слова | Общественная инициатива |
| a | Ключевые слова | Электронная демократия | ||
| a | Ключевые слова | Петиции | ||
| a | Ключевые слова | Российская общественная инициатива | ||
| 700 | 12 | a | Другие авторы | Давыдова Марина Леонидовна |
| q | Полное имя | Давыдова М. Л. | ||
| 700 | 12 | a | Другие авторы | Гончарова Анна |
| q | Полное имя | Гончарова А. | ||
| 773 | 18 | w | Контрольный № источника | e0c26ba6dde64d888c3f415e4cfeadff |
| t | Название источника | Эволюция региональных и муниципальных избирательных систем | ||
| d | Место и дата издания | Ростов-на-Дону : Печатная лавка, 2015 | ||
| g | Прочая информация | С. 101-112 | ||
| 901 | t | Тип документа | a | |
| 920 | a | Оператор | Стан |